00237nam a22001097a 4500003000400000082001800004100001000022245004300032260002600075300000700101650001900108SGT a617.632bN24H aHeena aNutrition and Periodontal Healthb2024 bSGT University c2024 a74 aPeriodontology